| 000 | 01058 a2200265 4500 | ||
|---|---|---|---|
| 008 | 130821s1986 sp aoe gr spa | ||
| 020 | _a8425211956 | ||
| 040 |
_cJavier Garzón _dAldemar Mondragón _aCO-BoUCM _bspa |
||
| 041 | 0 | 0 | _aspa |
| 082 | 0 | 4 |
_220 _a724.6 |
| 100 | 1 |
_aJencks, Charles _929242 |
|
| 245 | 1 | 3 |
_aEl lenguaje de la arquitectura posmoderna _cCharles Jencks ; versión castellana Ricardo Pérdigo Nárdiz y Antonia Kerrigan Gurevitch |
| 250 |
_a3a ed _bampliada |
||
| 260 |
_aBarcelona (España) _bEditorial Gustavo Gili _c1986 |
||
| 300 |
_a168 _bilustraciones, gráficas, fotografías, planos |
||
| 500 | _aIncluye índice | ||
| 650 |
_aArquitectura _97290 |
||
| 650 | 7 |
_aArquitectura moderna _97294 |
|
| 650 | 7 |
_aArquitectura postmoderna _929888 |
|
| 650 | 7 |
_aArquitectura _ySiglo XX _929889 |
|
| 700 | 1 |
_aKerrigan Gurevitch, Antonia _etraductor _929261 |
|
| 700 | 1 |
_aPérdigo Nárdiz, Ricardo _etraductor _929260 |
|
| 765 | 0 | _aThe lenguage of post-modern architecture | |
| 942 |
_cLIBRO _a17 _e3 _mJ517l _2DEWEY _h724.6 |
||
| 999 |
_c164464 _d164464 |
||